| 000 | 01196nam a2200301Ia 4500 | ||
|---|---|---|---|
| 001 | ebr10052831 | ||
| 003 | CaPaEBR | ||
| 006 | m u | ||
| 007 | cr cn||||||||| | ||
| 008 | 000815s2002 enk s 000 0 eng d | ||
| 020 | _z086176742X | ||
| 040 |
_aCaPaEBR _cCaPaEBR |
||
| 035 | _a(OCoLC)133168985 | ||
| 050 | 1 | 4 |
_aHF5549 _b.H86 2002eb |
| 245 | 0 | 0 |
_aHuman resource management, employee relations and the labour market _h[electronic resource] / _cguest editors, Patrick Gunnigle, Michael Morley and James Kelly. |
| 260 |
_aBradford, England : _bEmerald Group Publishing, _cc2002. |
||
| 300 | _a110 p. | ||
| 490 | 0 |
_aEmployee relations ; _vv.24, no. 4 |
|
| 533 |
_aElectronic reproduction. _bPalo Alto, Calif. : _cebrary, _d2009. _nAvailable via World Wide Web. _nAccess may be limited to ebrary affiliated libraries. |
||
| 650 | 0 | _aLabor market. | |
| 650 | 0 | _aPersonnel management. | |
| 655 | 7 |
_aElectronic books. _2local |
|
| 700 | 1 | _aGunnigle, Patrick. | |
| 700 | 1 | _aKelly, James. | |
| 700 | 1 | _aMorley, Michael. | |
| 710 | 2 | _aebrary, Inc. | |
| 856 | 4 | 0 |
_uhttp://site.ebrary.com/lib/rucke/Doc?id=10052831 _zAn electronic book accessible through the World Wide Web; click to view |
| 999 |
_c65071 _d65071 |
||